000 01235cad a22002175a 4500
001 L151175
008 101005s2010 xxk f 000 0 eng d
035 _a(Sirsi) u151175
041 0 _aeng
050 0 4 _a692.5 $2 18
110 2 _aL.E.K. Consulting
_96012
245 0 0 _aConstruction in the UK economy
_bthe benefits of investment
_h[electronic resource]
260 _aLondon
_bUKCG
_bLEK
_c2009
520 _aThis detailed study demonstrates the impacts of the UK construction industry on the UK economy; highlights the benefits of investing in construction; the significant contribution that construction makes to the UK economy both at a national level and in supporting the regions; the key contribution that construction makes to UK employment; the enabling role that construction plays in realising a range of broader economic and social objectives.
590 _aKA
651 4 _aUnited Kingdom
690 _aBUILT ENVIRONMENT-CONSTRUCTION MARKET
710 1 _aUK Contractors Group
_96011
856 4 8 _uhttps://www.cbi.org.uk/ndbs/press.nsf/0363c1f07c6ca12a8025671c00381cc7/1b0460221653edd28025765c005a5db8/$FILE/UKCG%20L.E.K%20report%2028.10.09.pdf
_zView the website free of charge at www.cbi.org.uk
942 _n0
_2ddc
999 _c111207
_d111207